00329 a2200121 4500020001600000040000800016082001200024100001900036245005000055260005000105300003500155650001700190 a 8121900948 aDLC a621.381 aTheraja, B. L. aBasic Electronics: Soild StatecB. L. Theraja aNew Delhi :b S Chand & Company Ltd.,c 1998. axvii, 636 p. :bill. ;c24 cm. a Electronics